000 00345nam a2200145Ia 4500
008 230312s9999||||xx |||||||||||||| ||und||
020 _a1-4511-1314-3
082 _a612
_bHAR-P
100 _aHarvey;Richard.A
245 0 _aPharmacology
260 _bLippioncott
_aIndia
_c2012
300 _a612
650 _aMedical
_vPharmacology
942 _cBK
999 _c11293
_d11293